Úverové registre ako štandardný nástroj na elimináciu úverového rizika a zníženie úverovej delikvencie (na príklade využitia v podmienkach SR)

Uložené v:
Podrobná bibliografia
Hlavný autor: Pintér, Ľubomír
Médium: Kapitola
Jazyk:Slovak
Tagy: Pridať tag
Žiadne tagy, Buďte prvý, kto otaguje tento záznam!

MARC

LEADER 00000naa$a2200000$$$4500
001 0026749
005 20231106074520.5
041 0 |a slo 
044 |a SK 
245 1 0 |a Úverové registre ako štandardný nástroj na elimináciu úverového rizika a zníženie úverovej delikvencie  |b (na príklade využitia v podmienkach SR)  |c Ľubomír Pinter 
100 1 |a Pintér, Ľubomír